Normal view
MARC view
Entry Uniform Title
001 - CONTROL NUMBER
- control field: 6104
003 - CONTROL NUMBER IDENTIFIER
- control field: BD-RjUL
005 - DATE AND TIME OF LATEST TRANSACTION
- control field: 20221201113826.0
008 - FIXED-LENGTH DATA ELEMENTS
- fixed length control field: 221201|| aca||aabn | a|a d
040 ## - CATALOGING SOURCE
- Original cataloging agency: BD-RjUL
- Transcribing agency: BD-RjUL
130 ## - HEADING--UNIFORM TITLE
- Uniform title: التنمية البشرية ؛
670 ## - SOURCE DATA FOUND
- Source citation: Work cat.: (BD-RjUL)80871: الطالب، هشام talib, Hisham 1940- 6101, دليل التدريب القيادي / Dalīl al-tadrīb al-qiyādī /, ١٤١٦ه، ١٩٩٥م